[Event "IRI-ch U12 Girls"]
[Site "Chess.com INT"]
[Date "2021.01.16"]
[Round "8"]
[White "Garosian, Vania"]
[Black "Alishahi, Dina"]
[Result "0-1"]
[WhiteElo "1145"]
[BlackElo "1124"]
[PlyCount "100"]
[EventDate "2021.01.16"]
[EventType "swiss"]
[EventRounds "9"]
[EventCountry "IRI"]
[SourceTitle "EXT 2022"]
[Source "ChessBase"]
[SourceDate "2021.10.06"]
[SourceVersion "1"]
[SourceVersionDate "2021.10.06"]
[SourceQuality "1"]

1. e4 e6 2. d4 d5 3. exd5 exd5 4. Nf3 Bd6 5. Bd3 Be6 6. 0-0 Nf6 7. h3 Nbd7 8. Bg5 Qe7 9. Re1 0-0-0 10. Nc3 c6 11. Ne5 h6 12. Bh4 Nxe5 13. dxe5 Bxe5 14. Rxe5 g5 15. Bg3 Nd7 16. Re1 d4 17. Ne4 Nc5 18. Nxc5 Qxc5 19. Re5 Rd5 20. Rxd5 Qxd5 21. Qe2 h5 22. Be4 Qc5 23. Bd3 h4 24. Be5 Re8 25. Bh2 Bd7 26. Qh5 f6 27. Qg6 Qf8 28. Bf5 Qe7 29. Bxd7+ Kxd7 30. Qf5+ Kd8 31. Qa5+ b6 32. Qd2 c5 33. Kf1 Kc8 34. Re1 Qd7 35. Rxe8+ Qxe8 36. Qe2 Qf7 37. b3 Qh7 38. Qe8+ Kb7 39. Qb8+ Ka6 40. Qc8+ Ka5 41. Qc6 Kb4 42. Qa4+ Kc3 43. Qc4+ Kb2 44. Ke2 Qe4+ 45. Kd1 Qxg2 46. Bb8 Qxf2 47. Qe2 Qxe2+ 48. Kxe2 Kxc2 49. Ke1 d3 50. Bxa7 d2+ 0-1

[Event "IRI-ch U12 Girls"]
[Site "Chess.com INT"]
[Date "2021.01.16"]
[Round "4"]
[White "Garosian, Vania"]
[Black "Gharib Gorgani, Sarina"]
[Result "1-0"]
[WhiteElo "1145"]
[BlackElo "1004"]
[PlyCount "73"]
[EventDate "2021.01.16"]
[EventType "swiss"]
[EventRounds "9"]
[EventCountry "IRI"]
[SourceTitle "EXT 2022"]
[Source "ChessBase"]
[SourceDate "2021.10.06"]
[SourceVersion "1"]
[SourceVersionDate "2021.10.06"]
[SourceQuality "1"]

1. e4 e5 2. Nf3 Nc6 3. Bc4 Bc5 4. d3 Nf6 5. c3 0-0 6. Bb3 d5 7. Qe2 Re8 8. Nbd2 Bg4 9. h3 Bxf3 10. Nxf3 d4 11. 0-0 a5 12. a4 Ra6 13. Nh4 Rb6 14. Ba2 Ne7 15. Bg5 Ng6 16. Nxg6 hxg6 17. Kh1 dxc3 18. bxc3 Ba3 19. Rab1 Qd6 20. Rxb6 cxb6 21. f4 Rc8 22. fxe5 Qxe5 23. Bxf6 gxf6 24. d4 Qc7 25. Rxf6 Qxc3 26. Rxf7 Qa1+ 27. Rf1+ Kg7 28. Rxa1 Rd8 29. Qf3 Rxd4 30. Qxa3 Rxe4 31. Rd1 Kh6 32. Qf8+ Kh5 33. Qf3+ Kh6 34. Qxe4 Kh5 35. Rd8 Kh6 36. Qe5 Kh7 37. Rh8# 1-0